Pays les plus peuplés du monde - Statistiques

Statistiques générales
  • Ce quiz a été pris 202 fois
  • Le résultat moyen est 24 sur 30
Réponses sur la Carte
Les réponses sont colorées sur une échelle allant du rouge au vert en fonction du pourcentage des utilisateurs qui les ont devinées à leur premier essai. Vous pouvez retrouver ces pourcentages ci-dessous.
 
Statistiques - réponses
Classement Population Continent Nom du pays % Correct
2 1 410 000 000 Asie Chine
99%
3 340 100 000 Amérique États-Unis
99%
1 1 450 000 000 Asie Inde
99%
9 143 500 000 Europe Russie
99%
7 211 900 000 Amérique Brésil
98%
23 68 500 000 Europe France
95%
11 130 800 000 Amérique Mexique
94%
19 83 500 000 Europe Allemagne
92%
12 123 900 000 Asie Japon
92%
21 69 200 000 Europe Royaume-Uni
89%
4 283 400 000 Asie Indonésie
88%
15 109 200 000 Afrique République démocratique du Congo
88%
24 64 000 000 Afrique Afrique du Sud
86%
25 58 900 000 Europe Italie
85%
5 251 200 000 Asie Pakistan
85%
18 85 500 000 Europe Turquie
84%
13 116 500 000 Afrique Égypte
83%
29 51 700 000 Asie Corée du Sud
82%
6 232 600 000 Afrique Nigeria
79%
20 71 600 000 Asie Thaïlande
78%
16 100 900 000 Asie Vietnam
78%
17 91 500 000 Asie Iran
75%
28 52 800 000 Amérique Colombie
69%
8 173 500 000 Asie Bangladesh
68%
14 115 800 000 Asie Philippines
66%
30 50 400 000 Afrique Soudan
66%
10 132 000 000 Afrique Éthiopie
63%
26 56 400 000 Afrique Kenya
55%
27 54 500 000 Asie Myanmar
53%
22 68 500 000 Afrique Tanzanie
52%
Aucun quiz correspondant
Distribution des résultats
% des personnes avec chaque résultat
Percentile par nombre de réponses
Votre historique - résultats
Vous n’avez pas pris ce quiz